Представление документа в формате MARC21

Поле Инд. ПП Название Значение
Тип записи a
Библиографический уровень m
001 Контрольный номер RU/LIBMSTU/312040493
005 Дата корректировки 20160504152559.5
008 Кодируемые данные 091124|||||||||ru |||||||||||000|||rus||
020 a ISBN 5-89378-023-Х
c Цена, тираж 170-00
040 b Код языка каталог. rus
041 0_ a Код языка текста rus
084 a Индекс другой классификации/Индекс ББК 67я2
090 a Полочн. индекс 67я2
x Авторский знак К 78
245 10 a Заглавие Краткий юридический словарь
b Продолж. заглавия 5200 терминов
c Ответственность [авт.-сост. А. Н. Азрилиян и др.] ; под ред. А. Н. Азрилияна
250 a Основные сведения об издании Изд. 2-е, доп.
260 a Место издания Москва
b Издательство Ин-т новой экономики
c Дата издания 2007
300 a Объем 1088 с.
650 04 a Основная рубрика Право-Словари
653 0_ a Ключевые слова Административное право
a Ключевые слова Гражданское право
a Ключевые слова Право
a Ключевые слова Семейное право
a Ключевые слова Трудовое право
a Ключевые слова Финансовое право
700 12 e Роль лиц авт.-сост.
a Другие авторы Азрилиян А. Н.
901 t Тип документа m